Sledding-related injuries among children and adults treated in US emergency departments from 2008 to 2017

Guardado en:  
Detalles Bibliográficos
Autores principales: Evans, Chris 1981- (Autor) ; McKenzie, Lara B. (Autor) ; Roberts, Kristin J. (Autor) ; McAdams, Rebecca J. (Autor)
Tipo de documento: Electrónico Artículo
Lenguaje:Inglés
Publicado: 2021
En: Clinical journal of sport medicine
Año: 2021
Acceso en línea: Volltext (lizenzpflichtig)
Verificar disponibilidad: HBZ Gateway

MARC

LEADER 00000caa a22000002c 4500
001 1912704625
003 DE-627
005 20250113055033.0
007 cr uuu---uuuuu
008 241217s2021 xx |||||o 00| ||eng c
024 7 |a 10.1097/JSM.0000000000000864  |2 doi 
035 |a (DE-627)1912704625 
035 |a (DE-599)KXP1912704625 
040 |a DE-627  |b ger  |c DE-627  |e rda 
041 |a eng 
084 |a 2,1  |2 ssgn 
100 1 |a Evans, Chris  |d 1981-  |e VerfasserIn  |0 (DE-588)136486983  |0 (DE-627)584072864  |0 (DE-576)301045194  |4 aut 
109 |a Evans, Chris 1981-  |a Ěvans, Kris 1981-  |a Evans, Christopher Robert 1981- 
245 1 0 |a Sledding-related injuries among children and adults treated in US emergency departments from 2008 to 2017 
264 1 |c 2021 
336 |a Text  |b txt  |2 rdacontent 
337 |a Computermedien  |b c  |2 rdamedia 
338 |a Online-Ressource  |b cr  |2 rdacarrier 
700 1 |a McKenzie, Lara B.  |e VerfasserIn  |4 aut 
700 1 |a Roberts, Kristin J.  |e VerfasserIn  |4 aut 
700 1 |a McAdams, Rebecca J.  |e VerfasserIn  |4 aut 
773 0 8 |i Enthalten in  |t Clinical journal of sport medicine  |d Philadelphia, Pa. [u.a.] : Lippincott Williams & Wilkins, 1991  |g (2021)  |h Online-Ressource  |w (DE-627)32818828X  |w (DE-600)2045233-0  |w (DE-576)263593568  |x 1536-3724  |7 nnas 
773 1 8 |g year:2021 
787 0 8 |i Forschungsdaten  |a United States Department of Health and Human Services. Centers for Disease Control and Prevention. National Center for Injury Prevention and Control  |t National Electronic Injury Surveillance System All Injury Program, 2017  |d [Erscheinungsort nicht ermittelbar] : [Verlag nicht ermittelbar], 2021  |w (DE-627)1840037776 
787 0 8 |i Forschungsdaten  |a United States Department of Health and Human Services. Centers for Disease Control and Prevention. National Center for Injury Prevention and Control  |t National Electronic Injury Surveillance System All Injury Program, 2016  |d [Erscheinungsort nicht ermittelbar] : [Verlag nicht ermittelbar], 2020  |w (DE-627)1840039027 
787 0 8 |i Forschungsdaten  |a United States Department of Health and Human Services. Centers for Disease Control and Prevention. National Center for Injury Prevention and Control  |t National Electronic Injury Surveillance System All Injury Program, 2015  |d [Erscheinungsort nicht ermittelbar] : [Verlag nicht ermittelbar], 2019  |w (DE-627)1840040777 
787 0 8 |i Forschungsdaten  |a United States Department of Health and Human Services. Centers for Disease Control and Prevention. National Center for Injury Prevention and Control  |t National Electronic Injury Surveillance System - All Injury Program, (United States), 2014  |d [Erscheinungsort nicht ermittelbar] : [Verlag nicht ermittelbar], 2018  |w (DE-627)1840041587 
787 0 8 |i Forschungsdaten  |a United States Department of Health and Human Services. Centers for Disease Control and Prevention. National Center for Injury Prevention and Control  |t National Electronic Injury Surveillance System All Injury Program, 2011  |d [Erscheinungsort nicht ermittelbar] : [Verlag nicht ermittelbar], 2014  |w (DE-627)1840046554 
787 0 8 |i Forschungsdaten  |a United States Department of Health and Human Services. Centers for Disease Control and Prevention. National Center for Injury Prevention and Control  |t National Electronic Injury Surveillance System All Injury Program, 2010  |d [Erscheinungsort nicht ermittelbar] : [Verlag nicht ermittelbar], 2013  |w (DE-627)1840048239 
787 0 8 |i Forschungsdaten  |a United States Department of Health and Human Services. Centers for Disease Control and Prevention. National Center for Injury Prevention and Control  |t National Electronic Injury Surveillance System All Injury Program, 2009  |d [Erscheinungsort nicht ermittelbar] : [Verlag nicht ermittelbar], 2013  |w (DE-627)1840048255 
787 0 8 |i Forschungsdaten  |a United States Department of Health and Human Services. Centers for Disease Control and Prevention. National Center for Injury Prevention and Control  |t National Electronic Injury Surveillance System All Injury Program, 2008  |d [Erscheinungsort nicht ermittelbar] : [Verlag nicht ermittelbar], 2011  |w (DE-627)1840050098 
856 4 0 |u https://doi.org/10.1097/JSM.0000000000000864  |x Resolving-System  |z lizenzpflichtig  |3 Volltext  |7 1 
935 |a mkri 
951 |a AR 
ELC |a 1 
LOK |0 000 xxxxxcx a22 zn 4500 
LOK |0 001 4637670187 
LOK |0 003 DE-627 
LOK |0 004 1912704625 
LOK |0 005 20241217045007 
LOK |0 008 241217||||||||||||||||ger||||||| 
LOK |0 035   |a (DE-2619)ICPSR157046 
LOK |0 040   |a DE-2619  |c DE-627  |d DE-2619 
LOK |0 092   |o n 
LOK |0 852   |a DE-2619 
LOK |0 852 1  |9 00 
LOK |0 935   |a nacp 
LOK |0 939   |a 17-12-24  |b l01 
ORI |a SA-MARC-krimdoka001.raw